000 00296nam a22001217a 4500
999 _c13732
_d13732
020 _a9781260457995
082 _a370.152
100 _aFeldman, Robert S.
245 _aLearning Science: Theory, Research, & Practice
260 _aUSA
_bMcGraw Hill
_c2020
300 _axv, 366 pageas
942 _cBK